Responses for show #5157 - Tuesday, January 30, 2007

Contestants

Cindi Winstead, a homemaker and student from Villa Rica, Georgia

Jon Protas, a photo editor from New York, New York

Robin Parry, a federal attorney from Arlington, Virginia (whose 1-day cash winnings total $24,001)

Jeopardy! Round responses

KHAAAAAAAAAN!
MARVELOUS
AMERICANA
(Alex: You have to identify the president who could say...)
THAT'S MY SECRETARY OF DEFENSE
BOSTON LEGAL
YOU GET A "D"
    $200 2
Genghis Khan

Cindi
    $200 12
(Cindi: Who is Captain Marvel?)

Captain America

RobinCindi
    $200 19
a scar

Cindi
    $200 14
(Robin: Who is Ford?)
(Jon: Who is [*without initials] the First?)
(Alex: That's it. [*without last name]. You can call him the First if you want.)

George H.W. Bush

RobinJon
    $200 11
the Boston Massacre

Jon
    $200 1
Joe DiMaggio

Cindi
    $400 3
Kublai Khan

Cindi
    $400 15
Cyclops

Jon
    $400 20
(Cindi: What is the America Cup?)
(Alex: Say it again.)
(Cindi: What is [*]?)

the America's Cup

Cindi
    $400 25
(Robin: Who is John F. Kennedy?)
(Alex: Sorry, we needed two names.)

Kennedy & Johnson

RobinCindi
    $400 13
Harvard

Cindi
    $400 7
Dipsy

Robin
    $600 4
Chaka Khan

Jon
    $600 16
the Human Torch

Jon
    $600 21
American Samoa

Robin
    $600 26
Ronald Reagan

Jon
    $600 22
Brink's

Cindi
    $600 8
the Doomsday Clock

Jon
    $800 5
Great Britain

Cindi
    $800 17
the Green Goblin

Jon
    $800 23
John Brown

Jon
    $800 27
Richard Nixon

Triple Stumper
    $800 29
the American Bar Association

Cindi
    $800 9
a diagram

Robin
    $1000 6
Pakistan

Jon
    $1000 18
Daredevil

Jon
    $1000 24
(Alex: Oh, you'd recognize them immediately if you saw them on the freeways--the [*]s. [*]s.)

Airstream

Triple Stumper
    $1,000 28
(Jon: Oh, gosh. Abraham Lincoln. Who was Abraham Lincoln?)
(Alex: No. Who was [*]? George C. Marshall--5-star general.)

Harry Truman

Jon
    $1000 30
(Bartolomeo) Vanzetti

Jon
    $1000 10
diversity

Robin

Scores at the first commercial break (after clue 16):

Robin Jon Cindi
$2,200 $3,600 $1,800

Scores at the end of the Jeopardy! Round:

Robin Jon Cindi
$2,400 $6,800 $4,200

Double Jeopardy! Round responses

HISTORY A LA HARLEQUIN
YOU DO THE MATH
EDIBLE RHYME TIME
MAD DOGS
ENGLISHMEN
(Alex: What do they do? They go out in...)
THE MIDDAY SUN
    $400 6
Chang & Eng (the Siamese twins)

Robin
    $400 26
5

Robin
    $400 1
a Jell-O cello

Robin
    $400 21
Fluffy

Robin
    $400 11
the World Cup

Cindi
    $400 16
January

Robin
    $800 7
Catherine the Great

Robin
    $800 27
17

Cindi
    $800 2
(Cindi: What is laffy taffy?)
(Alex: Laffy taffy? We'll accept that. We were going for [*], but laffy is acceptable.)

daffy taffy

Cindi
    $800 22
rabies

Jon
    $800 12
an agnostic

Jon
    $800 17
Memorial Day

Robin
    $1200 8
Marie Antoinette

Cindi
    $1200 28
(Alex: And you got it just in time.)
(Cindi: Phew!)

77

Cindi
    $1200 3
a fickle pickle

Jon
    $1200 23
Oliver Twist

Robin
    $1200 13
peasants

Robin
    $1200 18
Ra

Cindi
    $1600 9
(Juliette Gordon) Low

Robin
    $1600 29
(Robin: What is 41?)

24

RobinCindi
    $1600 4
yam jam

Cindi
    $5,500 24
Troy

Robin
    $1600 14
(Noel) Coward

Robin
    $2,000 19
(Alex: [After a long pause] July 4 is [*], celebrated with 50 cannon shots.)
[Cindi laughs]

Independence Day

Cindi
    $2000 10
Samuel Pepys

Jon
    $2000 30
$450

Cindi
    $2000 5
a neat beet

Cindi
    $2000 25
The Island of Doctor Moreau

Jon
    $2000 15
(Jon: What is capitalism?)
(Robin: What is socialism?)

utilitarianism

RobinJon
Triple Stumper
    $2000 20
(Alex: You're right. The pope gives that speech.)

Vatican City

Cindi

Scores at the end of the Double Jeopardy! Round:

Robin Jon Cindi
$13,500 $11,600 $21,000

[wagering suggestions for these scores]

Final Jeopardy! Round responses

IT HAPPENED IN NEW YORK CITY
(Alex: [Revealing Jon's response] Who was Mary somebody, but you're wrong.)
...
(Alex: [After revealing Robin's response] Wouldn't it be wild if you remained champ with 2 bucks?)
...
(Alex: Who was on the Empire State Building in that famous scene in King Kong? [*], she's the lady.)
JonWho was Mary
$11,600
RobinWho was Rosa Parks?
$13,498
CindiWho is Helen I
$6,001
Fay Wray

Final scores:

Robin Jon Cindi
$2 $0 $14,999
2nd place: $2,000 3rd place: $1,000 New champion: $14,999

Game dynamics:

Coryat scores:

Robin Jon Cindi
$9,600 $12,600 $20,600
17 R
(including 1 DD),
4 W
17 R,
2 W
(including 1 DD)
22 R
(including 1 DD),
1 W

Combined Coryat: $42,800

The J! Archive is created by fans, for fans. The Jeopardy! game show and all elements thereof, including but not limited to copyright and trademark thereto, are the property of Jeopardy Productions, Inc. and are protected under law. This website is not affiliated with, sponsored by, or operated by Jeopardy Productions, Inc. Join the discussion at JBoard.tv.